[Event "Belgrade-chT Quality"]
[Site "Belgrade"]
[Date "2021.10.16"]
[Round "1.5"]
[White "Radovic, Goran"]
[Black "Jovanovic, Zoran Z"]
[Result "1/2-1/2"]
[WhiteElo "1937"]
[BlackElo "2162"]
[PlyCount "22"]
[EventDate "2021.10.16"]
[EventType "team-tourn"]
[EventRounds "11"]
[EventCountry "SRB"]
[SourceTitle "EXT 2023"]
[Source "ChessBase"]
[SourceDate "2022.10.05"]
[SourceVersion "1"]
[SourceVersionDate "2022.10.05"]
[SourceQuality "1"]
[WhiteTeam "Belgrade Sremcica"]
[BlackTeam "Belgrade Vodovod"]
[WhiteTeamCountry "SRB"]
[BlackTeamCountry "SRB"]

1. d4 Nf6 2. Nf3 d5 3. c4 c6 4. e3 e6 5. Bd3 Nbd7 6. 0-0 Bd6 7. Nc3 0-0 8. cxd5 exd5 9. Qc2 Re8 10. Bd2 Nf8 11. Bf5 Ng6 1/2-1/2

[Event "Belgrade-chT"]
[Site "Belgrade"]
[Date "2019.10.02"]
[Round "9.1"]
[White "Kovacic, Misa"]
[Black "Jovanovic, Zoran Z"]
[Result "1/2-1/2"]
[WhiteElo "2181"]
[BlackElo "2169"]
[PlyCount "24"]
[EventDate "2019.09.23"]
[EventType "team-tourn"]
[EventRounds "11"]
[EventCountry "SRB"]
[SourceTitle "EXT 2020"]
[Source "ChessBase"]
[SourceDate "2019.10.17"]
[SourceVersion "1"]
[SourceVersionDate "2019.10.17"]
[SourceQuality "1"]
[WhiteTeam "Belgrade PTT"]
[BlackTeam "Belgrade Vodovod"]
[WhiteTeamCountry "SRB"]
[BlackTeamCountry "SRB"]

1. e4 e5 2. Nf3 Nc6 3. Bb5 a6 4. Ba4 Nf6 5. 0-0 Be7 6. Re1 b5 7. Bb3 d6 8. h3 0-0 9. c3 Na5 10. Bc2 c5 11. d4 Nd7 12. Nbd2 Bb7 1/2-1/2

[Event "Belgrade-chT Premier"]
[Site "Belgrade"]
[Date "2017.09.27"]
[Round "9.4"]
[White "Cobic, Vladimir"]
[Black "Jovanovic, Zoran Z"]
[Result "1-0"]
[WhiteElo "2296"]
[BlackElo "2211"]
[PlyCount "104"]
[EventDate "2017.09.18"]
[EventType "team"]
[EventRounds "9"]
[EventCountry "SRB"]
[SourceTitle "EXT 2018"]
[Source "ChessBase"]
[SourceDate "2017.10.13"]
[SourceVersion "1"]
[SourceVersionDate "2017.10.13"]
[SourceQuality "1"]
[WhiteTeam "Grocka"]
[BlackTeam "Belgrade Vodovod"]
[WhiteTeamCountry "SRB"]
[BlackTeamCountry "SRB"]

1. e4 c5 2. Nc3 Nc6 3. f4 e6 4. Nf3 d5 5. Bb5 Nge7 6. Ne5 Bd7 7. 0-0 d4 8. Nc4 Nc8 9. Ne2 Nd6 10. Nxd6+ Bxd6 11. d3 a6 12. Bxc6 Bxc6 13. f5 exf5 14. Rxf5 Bd7 15. Rf2 0-0 16. Bf4 Bg4 17. h3 Bxf4 18. Rxf4 Be6 19. Ng3 Rc8 20. Qh5 c4 21. Raf1 cxd3 22. cxd3 Rc2 23. e5 Qd5 24. Ne4 Rxb2 25. Qg5 h6 26. Nf6+ Kh8 27. Rh4 Rxg2+ 28. Qxg2 Qxg2+ 29. Kxg2 gxf6 30. Rxh6+ Kg7 31. Rhxf6 Bxa2 32. Kg3 Be6 33. Rc1 Rh8 34. h4 Rh5 35. Rf4 Rxe5 36. Rxd4 b5 37. Ra1 Bc8 38. Rd8 Rc5 39. Kf4 b4 40. h5 a5 41. d4 Rc2 42. Rxa5 b3 43. Rg5+ Kh7 44. Rb5 b2 45. Rd6 Rh2 46. Ke3 Rh3+ 47. Kd2 b1N+ 48. Rxb1 Rxh5 49. Rf1 Be6 50. Ke3 Kg7 51. Rf3 Bd5 52. Rg3+ Kf8 1-0

[Event "Belgrade-chT Premier"]
[Site "Belgrade"]
[Date "2017.09.23"]
[Round "5.5"]
[White "Jovanovic, Zoran Z"]
[Black "Djordjevic, Dejan P"]
[Result "1-0"]
[WhiteElo "2211"]
[BlackElo "2024"]
[PlyCount "57"]
[EventDate "2017.09.18"]
[EventType "team"]
[EventRounds "9"]
[EventCountry "SRB"]
[SourceTitle "CBM 180 Extra"]
[Source "ChessBase"]
[SourceDate "2017.10.06"]
[SourceVersion "1"]
[SourceVersionDate "2017.10.06"]
[SourceQuality "1"]
[WhiteTeam "Belgrade Vodovod"]
[BlackTeam "Belgrade PTT"]
[WhiteTeamCountry "SRB"]
[BlackTeamCountry "SRB"]

1. c4 Nf6 2. g3 g6 3. Bg2 Bg7 4. Nc3 0-0 5. d3 c6 6. e4 d6 7. Nge2 Na6 8. 0-0 Nc7 9. h3 e5 10. f4 Be6 11. f5 Bd7 12. g4 Nfe8 13. Be3 c5 14. a3 Bc6 15. b4 b6 16. Qd2 Rc8 17. Kh2 Qd7 18. b5 Bb7 19. Ng3 a6 20. a4 a5 21. Rf2 f6 22. h4 Qe7 23. Raf1 Rf7 24. fxg6 hxg6 25. h5 g5 26. Bxg5 Ne6 27. Be3 Qf8 28. g5 Rcc7 29. g6 1-0

[Event "Belgrade-chT Premier"]
[Site "Belgrade"]
[Date "2017.09.18"]
[Round "1.3"]
[White "Jovanovic, Zoran Z"]
[Black "Srdic, Danilo"]
[Result "0-1"]
[WhiteElo "2211"]
[BlackElo "2110"]
[PlyCount "69"]
[EventDate "2017.09.18"]
[EventType "team"]
[EventRounds "9"]
[EventCountry "SRB"]
[SourceTitle "CBM 180 Extra"]
[Source "ChessBase"]
[SourceDate "2017.10.06"]
[SourceVersion "1"]
[SourceVersionDate "2017.10.06"]
[SourceQuality "1"]
[WhiteTeam "Belgrade Vodovod"]
[BlackTeam "Mirijevo"]
[WhiteTeamCountry "SRB"]
[BlackTeamCountry "SRB"]

1. d4 Nf6 2. c4 e6 3. Nc3 d5 4. Bg5 Be7 5. e3 h6 6. Bh4 b6 7. cxd5 exd5 8. Bd3 Bb7 9. Bxf6 Bxf6 10. b4 0-0 11. Rb1 Qe7 12. Nge2 Nd7 13. 0-0 c6 14. a4 a5 15. bxa5 Rxa5 16. Bf5 Ra6 17. Bh3 Bc8 18. Qd3 Nb8 19. Bxc8 Rxc8 20. Rfc1 Qd8 21. Rc2 Ra7 22. Rcb2 Nd7 23. g3 Qe8 24. Kg2 Bd8 25. f3 Nf6 26. e4 dxe4 27. fxe4 c5 28. d5 Re7 29. a5 bxa5 30. Rb8 Qd7 31. Nf4 Re8 32. d6 Rxb8 33. Rxb8 Qc6 34. Qb5 Qxd6 35. Nfd5 0-1

[Event "Belgrade-chT"]
[Site "Belgrade"]
[Date "2016.10.15"]
[Round "7.3"]
[White "Budisavljevic, Luka"]
[Black "Jovanovic, Zoran Z"]
[Result "1-0"]
[WhiteElo "1915"]
[BlackElo "2254"]
[PlyCount "107"]
[EventDate "2016.10.08"]
[EventType "team-tourn"]
[EventRounds "13"]
[EventCountry "SRB"]
[SourceTitle "CBM 175 Extra"]
[Source "ChessBase"]
[SourceDate "2016.12.12"]
[SourceVersion "1"]
[SourceVersionDate "2016.12.12"]
[SourceQuality "1"]
[WhiteTeam "Bogoslov"]
[BlackTeam "Belgrade Vodovod"]
[WhiteTeamCountry "SRB"]
[BlackTeamCountry "SRB"]

1. d4 Nf6 2. Nf3 d5 3. c4 c6 4. e3 e6 5. Nc3 Nbd7 6. Bd3 dxc4 7. Bxc4 b5 8. Bd3 Bd6 9. 0-0 0-0 10. e4 e5 11. Bg5 a6 12. a3 exd4 13. Nxd4 Ne5 14. Be2 h6 15. Bh4 Ng6 16. Bg3 Bxg3 17. hxg3 Qb6 18. Nf3 Be6 19. Qc2 Rfd8 20. Rfd1 Ng4 21. Bf1 a5 22. Rxd8+ Rxd8 23. Rd1 Rxd1 24. Nxd1 c5 25. Nc3 c4 26. a4 b4 27. Nd5 Bxd5 28. exd5 c3 29. bxc3 bxc3 30. d6 Qxd6 31. Qxc3 Qd8 32. Qd4 Qc8 33. Bc4 Nf6 34. Nd2 Qe8 35. Kf1 Kh7 36. Bd3 Qc6 37. Qc4 Qd6 38. Nb3 Qd8 39. Qb5 Ne4 40. Kg1 Nc3 41. Qc4 Nd5 42. Qd4 Qg5 43. Nxa5 Qc1+ 44. Kh2 Nf6 45. Nb3 Qg5 46. Kg1 Ng4 47. a5 Qh5 48. a6 Qh2+ 49. Kf1 Qh1+ 50. Ke2 Nh2 51. a7 Qxg2 52. Be4 Qf1+ 53. Kd2 f5 54. a8Q 1-0

[Event "Belgrade Jezero op"]
[Site "Belgrade"]
[Date "2016.08.14"]
[Round "8"]
[White "Jovanovic, Zoran Z"]
[Black "Besedes, Danilo"]
[Result "0-1"]
[WhiteElo "2268"]
[BlackElo "2311"]
[PlyCount "90"]
[EventDate "2016.08.07"]
[EventType "swiss"]
[EventRounds "9"]
[EventCountry "SRB"]
[SourceTitle "EXT 2017"]
[Source "ChessBase"]
[SourceDate "2016.10.25"]
[SourceVersion "1"]
[SourceVersionDate "2016.10.25"]
[SourceQuality "1"]

1. e4 e6 2. d4 d5 3. Nd2 Nf6 4. e5 Nfd7 5. Bd3 c5 6. c3 Nc6 7. Ne2 cxd4 8. cxd4 f6 9. exf6 Nxf6 10. 0-0 Bd6 11. Nf3 Qc7 12. Nc3 a6 13. Bg5 0-0 14. Bh4 Bd7 15. Rc1 Bf4 16. Rc2 Qd6 17. a3 b5 18. Ne2 Bh6 19. Bg3 Qe7 20. b4 Rac8 21. Qb1 g6 22. Rc5 Nh5 23. a4 Nxg3 24. hxg3 bxa4 25. Bxa6 Rb8 26. Bb5 Nxb4 27. Bxd7 Qxd7 28. Ne5 Qa7 29. Nc3 a3 30. Nb5 Qa4 31. Nxa3 Na6 32. Rb5 Qxa3 33. Nd7 Rxb5 34. Qxb5 Rd8 35. Nf6+ Kf7 36. Nxh7 Nc7 37. Qb7 Qe7 38. f4 Kg7 39. Ng5 Bxg5 40. fxg5 Rd7 41. Qc6 Ne8 42. Qc1 Nd6 43. Qf4 Ne4 44. Qe5+ Kg8 45. Rf4 Qd6 0-1

[Event "Belgrade-ch"]
[Site "Belgrade"]
[Date "2016.01.31"]
[Round "9"]
[White "Jovanovic, Zoran Z"]
[Black "Jovanovic, Aleksandar D"]
[Result "0-1"]
[WhiteElo "2303"]
[BlackElo "2113"]
[PlyCount "135"]
[EventDate "2016.01.23"]
[EventType "swiss"]
[EventRounds "9"]
[EventCountry "SRB"]
[SourceTitle "EXT 2017"]
[Source "ChessBase"]
[SourceDate "2016.10.25"]
[SourceVersion "1"]
[SourceVersionDate "2016.10.25"]
[SourceQuality "1"]

1. e4 e5 2. Nf3 Nc6 3. Bb5 a6 4. Ba4 Nf6 5. 0-0 Be7 6. Re1 b5 7. Bb3 d6 8. c3 0-0 9. h3 Na5 10. Bc2 Bb7 11. d4 Nd7 12. Nbd2 Bf6 13. Nf1 Re8 14. Ng3 Nc4 15. a4 d5 16. dxe5 Ndxe5 17. Nd4 c5 18. Nb3 Rc8 19. axb5 axb5 20. f4 Bh4 21. Kh2 Ng6 22. Qg4 dxe4 23. Rd1 Qb6 24. Nf5 Bf2 25. Nd2 Ne3 26. Nxe3 Bxe3 27. f5 Ne5 28. Qg3 Bxd2 29. Bxd2 Nc4 30. Bf4 Rcd8 31. Bc7 Rxd1 32. Rxd1 Qc6 33. b3 Nb2 34. Re1 c4 35. Be5 f6 36. Bd4 Nd3 37. Re3 Rd8 38. bxc4 bxc4 39. h4 Qd6 40. Qxd6 Rxd6 41. g4 Ra6 42. Re2 Ra1 43. Be3 Kf7 44. Kg3 Rf1 45. Ba4 Rf3+ 46. Kh2 Ne5 47. Bd4 Nxg4+ 48. Kg1 Rxf5 49. Bd7 Rf4 50. Ra2 e3 51. Bxg4 Rxg4+ 52. Kf1 Be4 53. Ra7+ Kg6 54. Bxe3 Rxh4 55. Bc5 Rg4 56. Bf8 Kh6 57. Kf2 f5 58. Ke3 Rg3+ 59. Kf4 Rf3+ 60. Ke5 Rxc3 61. Rxg7 Kh5 62. Rxh7+ Kg4 63. Rc7 Rc2 64. Bd6 Bd3 65. Rg7+ Kf3 66. Kd4 Rg2 67. Rxg2 Kxg2 68. Ke3 0-1

[Event "Secondario 15th"]
[Site "Caorle"]
[Date "1990.07.14"]
[Round "8.1"]
[White "Vitri, Sergio"]
[Black "Jovanovic, Zoran Z"]
[Result "1-0"]
[WhiteElo "2040"]
[BlackElo "2000"]
[PlyCount "45"]
[EventDate "1990.07.07"]
[EventType "swiss"]
[EventRounds "8"]
[EventCountry "ITA"]
[SourceTitle "EXT 2023"]
[Source "ChessBase"]
[SourceDate "2022.10.05"]
[SourceVersion "1"]
[SourceVersionDate "2022.10.05"]
[SourceQuality "1"]

1. d4 Nf6 2. c4 e6 3. Bg5 Bb4+ 4. Nd2 0-0 5. e3 h6 6. Bh4 b6 7. Ngf3 Bb7 8. Be2 g5 9. Nxg5 hxg5 10. Bxg5 Be7 11. Bf3 d5 12. Bh6 Re8 13. g4 c5 14. g5 Nh7 15. Bh5 Bf8 16. Qg4 Nd7 17. Rg1 Kh8 18. Bxf7 Re7 19. g6 Rxf7 20. g7+ Rxg7 21. Bxg7+ Kg8 22. Bf6+ Kf7 23. Qg6# 1-0

[Event "Secondario 15th"]
[Site "Caorle"]
[Date "1990.07.11"]
[Round "5.10"]
[White "Ciani, Mario"]
[Black "Jovanovic, Zoran Z"]
[Result "0-1"]
[WhiteElo "1900"]
[BlackElo "2000"]
[PlyCount "76"]
[EventDate "1990.07.07"]
[EventType "swiss"]
[EventRounds "8"]
[EventCountry "ITA"]
[SourceTitle "EXT 2023"]
[Source "ChessBase"]
[SourceDate "2022.10.05"]
[SourceVersion "1"]
[SourceVersionDate "2022.10.05"]
[SourceQuality "1"]

1. Nf3 Nf6 2. g3 e6 3. Bg2 b6 4. Ne5 c6 5. 0-0 Bb7 6. d4 Be7 7. c4 d6 8. Nd3 d5 9. cxd5 cxd5 10. Nc3 0-0 11. Bg5 h6 12. Bxf6 Bxf6 13. e3 Nd7 14. Qa4 Be7 15. Rac1 a6 16. Rfd1 Bd6 17. e4 dxe4 18. Nxe4 Be7 19. Nf6+ Nxf6 20. Bxb7 Ra7 21. Bc6 Qd6 22. Ne5 Rc7 23. Qxa6 Rfc8 24. Qa4 Nd5 25. Rc4 Nb4 26. Bb5 Nd5 27. a3 h5 28. Rdc1 g6 29. Rxc7 Rxc7 30. Qa8+ Kg7 31. Qe8 Bf6 32. Rxc7 Qxc7 33. Nd7 Be7 34. Ne5 Bf6 35. Nc6 h4 36. Kg2 Qd6 37. Qa8 Nc7 38. Qa4 Qd5+ 0-1

[Event "Secondario 15th"]
[Site "Caorle"]
[Date "1990.07.09"]
[Round "3.25"]
[White "Sottani, Paolo"]
[Black "Jovanovic, Zoran Z"]
[Result "0-1"]
[WhiteElo "1800"]
[BlackElo "2000"]
[PlyCount "72"]
[EventDate "1990.07.07"]
[EventType "swiss"]
[EventRounds "8"]
[EventCountry "ITA"]
[SourceTitle "EXT 2023"]
[Source "ChessBase"]
[SourceDate "2022.10.05"]
[SourceVersion "1"]
[SourceVersionDate "2022.10.05"]
[SourceQuality "1"]

1. e4 d6 2. d4 Nf6 3. Bd3 g6 4. Nf3 Bg7 5. c3 0-0 6. 0-0 Nc6 7. Re1 e5 8. Nbd2 Ne8 9. dxe5 dxe5 10. Qc2 f5 11. b3 f4 12. Ba3 g5 13. Bxf8 Bxf8 14. Nc4 Qf6 15. b4 b5 16. Nb2 g4 17. Nd2 Rb8 18. f3 a5 19. a3 h5 20. Be2 Nd8 21. Nd3 Nf7 22. Rf1 Qh4 23. fxg4 hxg4 24. Qa2 Qg5 25. Rae1 Rb6 26. g3 Be6 27. Qc2 f3 28. Bxf3 gxf3 29. Nxf3 Qh5 30. Rf2 Be7 31. Qd2 Rc6 32. Nc5 Rxc5 33. bxc5 Bxc5 34. Nd4 exd4 35. cxd4 Bb6 36. Rf4 Ng5 0-1